000 00329 a2200133 4500
999 _c324953
_d324953
001 89880
003 NUST
082 _a813.54 GRI
100 _aGrisham John
_99825
245 _aCalico joe
_cJohn Grisham
260 _aGreat Britain
_bHodder Publications
_c2012
300 _axxxvi, 246p.
500 _aGeneral Books
942 _aCAE NUST
_cBK
_k813.54 GRI
_2ddc